000
00274 a2200097 4500
001
12906
100
_a
Minkoff,John
245
_a
Signal Processing Fundamentals and Applications for Communications and Sensing Systems.
260
_a
_b
Artech House
_c
090
_c
9884
_d
9884
942
_a
NUST-CAE
_c
M
_c
36804
999
_c
247979
_d
247979